Kết quả nghiên cứu lúa : Vụ hè thu 2002
Uloženo v:
| Médium: | Kniha |
|---|---|
| Jazyk: | Undetermined |
| Vydáno: |
Cần Thơ
Viện Hệ thống Canh tác Trường ĐH Cần Thơ
2002
|
| Témata: | |
| Tagy: |
Přidat tag
Žádné tagy, Buďte první, kdo otaguje tento záznam!
|
| Thư viện lưu trữ: | Trung tâm Học liệu Trường Đại học Cần Thơ |
|---|
| LEADER | 00612nam a2200193Ia 4500 | ||
|---|---|---|---|
| 001 | CTU_122593 | ||
| 008 | 210402s9999 xx 000 0 und d | ||
| 082 | |a 633.18 | ||
| 082 | |b K258/2002 | ||
| 245 | 0 | |a Kết quả nghiên cứu lúa : | |
| 245 | 0 | |b Vụ hè thu 2002 | |
| 245 | 0 | |c Viện Hệ thống Canh tác Trường ĐH Cần Thơ | |
| 260 | |a Cần Thơ | ||
| 260 | |b Viện Hệ thống Canh tác Trường ĐH Cần Thơ | ||
| 260 | |c 2002 | ||
| 650 | |a Rice | ||
| 650 | |x Research | ||
| 904 | |i M.Loan | ||
| 980 | |a Trung tâm Học liệu Trường Đại học Cần Thơ | ||